000 00444nam a2200133Ia 4500
008 171207s9999 xx 000 0 und d
100 _aBaruh, Lemi
245 _aBig data analytics and the limits of privacy self-management
245 _cLemi Baruh, Mihaela Popescu
260 _c2017
300 _apages 579-96, April 2017
440 _aNew Media & Society
_v19:4
650 _aBIG DATA, DATA MINING, NOTICE AND CHOICE, PRIVACY, SURVEILLANCE
999 _c347534
_d347534